| 000 | 00997nam a2200289Ia 4500 | ||
|---|---|---|---|
| 005 | 20220317000455.0 | ||
| 008 | 160315s2009 ck ao g 000 0 spa | ||
| 020 | _a9589767389 | ||
| 082 | 0 | 4 |
_a599.855 _bU73a |
| 100 | 1 |
_aUribe Hurtado, Cristina _d1956- |
|
| 245 | 1 | 0 |
_aAugusto Alfa _baraguato del Arauca _ctextos y fotografías Cristina Uribe |
| 250 | _aSegunda edición | ||
| 300 |
_a33 páginas _bilustraciones, fotografías a color _c23 cm |
||
| 490 | _aLibros educativos | ||
| 490 | _aQuién soy... | ||
| 500 | _aIncluye glosario | ||
| 650 | 1 | 4 |
_2LEMB _aMonos _xHábitos y conducta _xLibros ilustrados para niños |
| 650 | 1 | 4 |
_2LEMB _aMonos _vFotografías |
| 650 | 1 | 4 |
_2LEMB _aAraguatos _vFotografías |
| 650 | 1 | 4 |
_2LEMB _aPrimates _zAmérica del sur |
| 942 |
_2ddc _cBKINF |
||
| 264 |
_aBogotá _bCristina Uribe Ediciones _c2009 |
||
| 336 |
_atexto _btxt _2rdacontent |
||
| 337 |
_asin mediación _bn _2rdamedia |
||
| 338 |
_avolumen _bnc _2rdacarrier |
||
| 040 |
_aCO-BoRNBP _bspa _erda _cCO-BoRNBP |
||
| 999 |
_c4148 _d4148 |
||